000 01379nam a2200265 i 4500
001 189524
003 ES-MaACL
005 20251014063306.0
008 190606s1865 po f |||| | por d
100 1 _aCosta, Francisco A. Pereira da,
_d1809-1889
_9167301
245 1 0 _aDa existência do homem em epochas remotas no valle do Tejo.
_nPrimeiro opusculo,
_pNotícia sobre os esqueletos humanos descobertos no Cabeço da Arruda /
_cpor F.A. Pereira da Costa ; com a versao em francez por M. Dalhunty.
246 3 _aDa existência do homem em épocas remotas no vale do Tejo
260 _aLisboa :
_bImprensa Nacional,
_c1865.
300 _a38, [2] p., VII h. de lám. ;
_c33 cm.
530 _aDisponible en formato digital.
546 _aTexto paralelo en portugués y francés.
594 _aPrecede al tít.: Commissao Geologica de Portugal.
599 _aLám.: litogr. de Lopes.
650 4 _aHombre prehistórico-
_zPortugal.
_9167302
650 4 _aRestos humanos (Arqueología)-
_zPortugal.
_9167303
700 1 _aDalhunty. M.
_9126690
852 _aES-MaACL
_jL-32428(1)
_z- Enc. cart.
_z. - Legado Federico de Botella y de Hornos
_z- Enc. en 1 vol. facticio, con nombre en el lomo de: "Portugal: geología, memorias y documentos varios"
856 _uhttps://archive.org/details/b2170496x/page/n1
_zInternet Archive
999 _c189524
_d189524